Voice and data communications handbook

Guardat en:
Dades bibliogràfiques
Autor principal: Regis J (Bud) Bates
Format: Llibre
Idioma:Undetermined
Publicat: New York McGraw-Hill 2001
Matèries:
Etiquetes: Afegir etiqueta
Sense etiquetes, Sigues el primer a etiquetar aquest registre!
Thư viện lưu trữ: Trung tâm Học liệu Trường Đại học Cần Thơ
LEADER 00534nam a2200181Ia 4500
001 CTU_54722
008 210402s9999 xx 000 0 und d
020 |b 874000 
082 |a 621.382'8 
082 |b B329 
100 |a Regis J (Bud) Bates 
245 0 |a Voice and data communications handbook 
245 0 |c Regis J (Bud) Bates and Donald W. Gregory 
260 |a New York 
260 |b McGraw-Hill 
260 |c 2001 
650 |a acoustical engineering,telecommunication 
980 |a Trung tâm Học liệu Trường Đại học Cần Thơ